000 00783nas a2200253 4500
001 BR6800027
003 BR-BrBNA
005 20231205082244.0
007 ta
008 230509b bl.|||p| |||| 00| 00por d
040 _aBR-BrBNA
_bpor
_cBiblioteca Nacional de Agricultura
041 _a(Pt)
072 _aP12; D50
110 1 _aMinisterio do Interior, Brasilia, DF (Brasil)
_97113
245 1 _aDragagem, acudagem e irrigacao de lavouras. Portaria de 27.9.67 [Legislacao; Brasil]
650 _aIrrigacao
650 _aDrenagem
650 _aLegislacao
650 _aAcude
650 _aRio Grande do Sul
773 0 _tLavoura Arrozeira (Brazil)
_xISSN 0023-9143
_g(Mar 1968), v. 21(242) p. 45
_wBR6800027
909 _a202311
_bLúcia
_c55
_dLúcia Elande
942 _2AGRIS
_n0
_cANA
999 _c90346
_d90346